00467nam a2200181 a 4500001001300000003000900013005001700022008004100039020002200080082002100102100001800123245003400141260003800175300000800213500003500221650001100256700001800267nice12345678IN_TiNIC20260116014756.0090727s2008 newa grp 000 0 eng  a9788189524340c2000a306.0899145bBOB aBob, Clifford aDalit Rights Are Human Rights aNew Delhi bCritical Quest c2008 a32p aincludes index and biblioraphy aDalits1 aBob, Clifford